Prepojenie zelenej logistiky a problematiky tvorby odpadu

Zelená logistika ako neoddeliteľná súčasť logistických procesov. Zelená logistika - výklad pojmu. Vybrané oblasti skúmania zelenej logistiky.

Gespeichert in:
Bibliographische Detailangaben
1. Verfasser: Marečková, Zuzana
Format: Buchkapitel
Sprache:Slowakisch
Schlagworte:
Tags: Tag hinzufügen
Keine Tags, Fügen Sie das erste Tag hinzu!

MARC

LEADER 00000naa$a2200000$$$4500
001 0092498
005 20240502072031.5
041 0 |a slo 
044 |a SK 
245 1 0 |a Prepojenie zelenej logistiky a problematiky tvorby odpadu  |c Zuzana Marečková 
520 |a Zelená logistika ako neoddeliteľná súčasť logistických procesov. Zelená logistika - výklad pojmu. Vybrané oblasti skúmania zelenej logistiky. 
610 2 0 |a odpad 
610 2 0 |a využitie odpadu 
610 2 0 |a likvidácia odpadu 
610 2 0 |a logistika aplikovaná 
100 1 |a Marečková, Zuzana